| 000 | 00635nam a2200193Ia 4500 | ||
|---|---|---|---|
| 008 | 140609s9999 xx 000 0 und d | ||
| 020 | _a9781606490860 | ||
| 050 |
_aHD 62.7 _b.M466 2010 |
||
| 100 | _aMay, Gary L. | ||
| 245 |
_aStrategic planning : _bfundamentals for small business / _cGary L. May |
||
| 260 |
_aNew York : _bBusiness Expert Press, _cc2010. |
||
| 300 |
_a79 p. : _bill. ; _c23 cm. |
||
| 440 | _a(Entrepreneurship and small business management collection). | ||
| 500 | _aIncludes bibliographical references and index. | ||
| 521 | _aBSBA | ||
| 650 | _aBusiness & Economics. | ||
| 942 |
_kFOR _cBK |
||
| 999 |
_c118017 _d118017 |
||